000 00675cam a22002174a 4500
001 11872645
005 20241108112205.0
008 991220s2001 njua 001 0 eng
020 _a9780130105707
050 0 0 _aQA76.76.O63
_bV42 2000
082 0 0 _a005.4/4769
_221
100 1 _aVelasco, Nancy B.
245 1 0 _aIntroduction to networking using NetWare (4.1x) /
_cNancy B. Velasco.
250 _a2nd ed.
260 _aUpper Saddle River, N.J. :
_bPrentice Hall
_c2001.
300 _ax, 262 p. :
_bill. ;
_c24 cm.
500 _aIncludes index.
650 0 _aOperating systems (Computers)
650 0 _aLocal area networks (Computer networks)
942 _2lcc
_cBK
_e2nd Ed.
_n0
999 _c860
_d860